| Tag |
First Indicator |
Second Indicator |
Subfields |
| LEADER |
00000cam a2200000 a 4500 |
| 001 |
in00001620021 |
| 005 |
20151023053840.0 |
| 008 |
950302s1996 caua b 001 0 eng |
| 010 |
|
|
|a 95008239
|
| 020 |
|
|
|a 0803990758
|
| 035 |
|
|
|a (OCoLC)ocm32200336
|
| 040 |
|
|
|a DLC
|c DLC
|d TXA
|d UtOrBLW
|
| 043 |
|
|
|a n-us---
|
| 049 |
|
|
|a TXAM
|
| 050 |
0 |
0 |
|a HM51
|b .L3587 1996
|
| 082 |
0 |
0 |
|a 301
|2 20
|
| 100 |
1 |
|
|a Levin, Jack,
|d 1941-
|
| 245 |
1 |
0 |
|a Sociological snapshots 2 :
|b seeing social structure and change in everyday life /
|c Jack Levin.
|
| 246 |
3 |
|
|a Sociological snapshots two
|
| 250 |
|
|
|a [2nd ed.].
|
| 264 |
|
1 |
|a Thousand Oaks, Calif. :
|b Pine Forge Press,
|c [1996]
|
| 264 |
|
4 |
|c ©1996
|
| 300 |
|
|
|a xii, 204 pages :
|b illustrations ;
|c 23 cm.
|
| 336 |
|
|
|a text
|b txt
|2 rdacontent
|
| 337 |
|
|
|a unmediated
|b n
|2 rdamedia
|
| 338 |
|
|
|a volume
|b nc
|2 rdacarrier
|
| 504 |
|
|
|a Includes bibliographical references (pages 187-193) and index.
|
| 650 |
|
0 |
|a Sociology.
|
| 650 |
|
0 |
|a Social change.
|
| 650 |
|
0 |
|a Social structure
|z United States.
|
| 651 |
|
0 |
|a United States
|x Social conditions
|y 1980-
|
| 948 |
|
|
|a cataloged
|b h
|c 2001/6/1
|d c
|e dmitchel
|f 10:08:10 am
|
| 994 |
|
|
|a E0
|b TXA
|
| 999 |
|
|
|a MARS
|
| 999 |
f |
f |
|s d04718da-8160-343c-8506-2c4db59cb3a0
|i 6d9b61f7-982a-3ae2-967f-0bc61c1e1b62
|t 0
|
| 952 |
f |
f |
|p ric
|a Texas A&M University
|b Rellis Campus
|c Joint Library Facility
|d Remote Storage
|t 0
|e HM51 .L3587 1996
|h Library of Congress classification
|i unmediated -- volume
|m A14827711988
|
| 998 |
f |
f |
|a HM51 .L3587 1996
|t 0
|l Remote Storage
|